| 000 | 02031nam a2200493Ii 4500 | ||
|---|---|---|---|
| 001 | DIGNARCEA0426 | ||
| 003 | NyNyDIG | ||
| 006 | m o d | ||
| 007 | cr ||||||||||| | ||
| 008 | 220225s2020 sp a o 000 0 spa d | ||
| 035 | _a(OCoLC)1256446939 | ||
| 040 |
_aDGITA _beng _erda _epn _cDGITA |
||
| 020 |
_a9788427727182 _qeBook _qePdf |
||
| 020 |
_a9788427727199 _qeBook _qePub |
||
| 020 |
_z9788427727175 _zPapel |
||
| 041 | 1 |
_aspa _heng |
|
| 050 | 1 | 4 | _aLB1140.5.S35 ebook |
| 082 | 0 | 4 | _a372.35044 |
| 100 | 1 |
_aEnglehart, Deirdre, _eauthor. |
|
| 240 | 1 | 0 |
_aSTEM play. _lSpanish _s(Valle Caraballo) |
| 245 | 1 | 0 |
_aJuegos Stem en los rincones de aprendizaje : _bintegrando la investigación de los más pequeños / _cDeirdre Englehart [and 4 others] ; traducción, Carlos del Valle Caraballo. |
| 264 | 1 |
_aMadrid : _bNarcea, S. A. de Ediciones, _c[2020] |
|
| 300 |
_a1 online resource : _billustrations. |
||
| 336 |
_atext _btxt _2rdacontent |
||
| 337 |
_acomputer _bc _2rdamedia |
||
| 338 |
_aonline resource _bcr _2rdacarrier |
||
| 347 |
_atext file _2rdaft |
||
| 347 | _bPDF | ||
| 490 | 1 | _aColección "Primeros años" | |
| 588 | 0 | _aOnline resource; title from PDF title page (Digitalia, viewed February 25, 2022) | |
| 650 | 0 |
_aScience _xStudy and teaching (Preschool) _xActivity programs. |
|
| 650 | 0 |
_aEducation, Preschool _xActivity programs. |
|
| 650 | 0 | _aPlay. | |
| 655 | 0 | _aElectronic books. | |
| 700 | 1 |
_aValle Caraballo, Carlos del, _etranslator. |
|
| 700 | 1 |
_iTranslation of: _aEnglehart, Deirdre. _tSTEM play. |
|
| 791 | 2 |
_aDigitalia (Firm), _edistributor. |
|
| 793 | 0 |
_gDigitalia eBook Collection: _aNarcea Ediciones |
|
| 776 | 0 | 8 |
_iPrint version: _aEnglehart, Deirdre. _sSTEM play. Spanish (Valle Caraballo). _tJuegos Stem en los rincones de aprendizaje. _dMadrid : Narcea, S. A. de Ediciones, [2020] _z9788427727175 |
| 830 | 0 | _aColección "Primeros años". | |
| 856 | 4 | 0 |
_3Digitalia Hispánica _uhttps://www.digitaliapublishing.com/a/67321/ |
| 910 | _aPremium collection: 2022 | ||
| 942 | _cRAA | ||
| 999 |
_c261778 _d261778 |
||